000 00733nam a2200265Ia 4500
003 OSt
005 20221006150847.0
006 a|||||r|||| 00| 0
007 ta
008 221006b |||||||| |||| 00| 0 jpn d
020 _c¥5000 (Each)
024 _a20,029
037 _bGift, Japan Foundation
_cTextual
040 _aEASL
_cEASL
_bjpn
041 _2jpn
_ajpn
082 _aW.42.K, M5;1
100 _aMATSUOKA Hachiro
_9657800
245 0 _aKatohiroyuki no zenki seiji shiso
260 _aTokyo
_bShunkadai Shuppansha Japan
_c1985
300 _a119p.
_ccm.
490 _v JL
650 _aJL
942 _hW.42.K, M5;1
_cTEXL
_2CC
999 _c1088115
_d1088115